000 01243nam a22002657a 4500
005 20170124103135.0
010 _aB-158132
020 _c80.00
_a8190143727
035 _aB-158132
037 _bCen Lib/Ret
040 _aDPL
_bHN
082 _a306.0954
_bमिश्रर
100 _aमिश्र, रतनलाल
_985003
245 _aभारतीय संस्कृति के नैतिक मूल्य /
_cरतनलाल मिश्र
246 _aBhartiye sanskriti ke naitik moolye /
_bby Ratanlal Mishra
260 _bबालाजी प्रकाशन
_c2002
_aजयपुर
270 _a1333, सांगों का रास्ता, किशनपोल बाजार
_bजयपुर
_e302 003
300 _a96पृ.
_c20सेमी(सजिल्द)
500 _a अनुक्रमाणिका शामिल
650 _a भारतीय संस्कृति -- सत्य और अहिंसा
_985004
650 _a भारतीय संस्कृति
_985005
650 _aIndian culture - truth and non-violence
_985006
650 _aIndian culture
_93853
942 _2ddc
_cHN
_h306.0954
_mमिश्रर
999 _c119455
_d119455